Trade protection and economic policy: Essays in international economics (Record no. 25111)

MARC details
000 -LEADER
fixed length control field 00307nam a2200109Ia 4500
082 ## - DEWEY DECIMAL CLASSIFICATION NUMBER
Classification number 339.5
Item number RAY
100 ## - MAIN ENTRY--AUTHOR NAME
Personal name RAY, Alok
245 #0 - TITLE STATEMENT
Title Trade protection and economic policy: Essays in international economics
260 ## - PUBLICATION, DISTRIBUTION, ETC. (IMPRINT)
Place of publication Delhi
Name of publisher Macmillan
Year of publication 1976
942 ## - ADDED ENTRY ELEMENTS (KOHA)
Koha item type Books
Holdings
Withdrawn status Lost status Damaged status Not for loan Home library Current library Date acquired Full call number Accession Number Koha item type
        RRII Library RRII Library 16/12/2021 339.5 RAY 05773 Books